Стружкообразование и качество обработанной поверхности при несвободном резании

Bibliografische gegevens
Hoofdauteur: Куфарев Г. Л.
Andere auteurs: Окенов К. Б., Говорухин В. А.
Gepubliceerd in: Фрунзе, 1970
Onderwerpen:
Formaat: Boek
KOHA link:https://koha.lib.tpu.ru/cgi-bin/koha/opac-detail.pl?biblionumber=593977

MARC

LEADER 00000nam0a2200000 4500
001 593977
005 20231101131802.0
035 |a (RuTPU)RU\TPU\tpu\8020 
090 |a 593977 
100 |a 20020118d1970 u y0 y50 ca 
102 |a RU 
105 |a  |y 
200 1 |a Стружкообразование и качество обработанной поверхности при несвободном резании  |f Г. Л. Куфарев, К. Б. Окенов, В. А. Говорухин 
210 |a Фрунзе  |d 1970 
215 |a 170 с. 
610 1 |a стружкообразование 
610 1 |a резание металлов 
610 1 |a труды учёных ТПУ 
700 1 |a Куфарев  |b Г. Л. 
701 1 |a Окенов  |b К. Б. 
701 1 |a Говорухин  |b В. А. 
801 0 |a RU  |b 63413507  |c 20020118  |g PSBO 
801 2 |a RU  |b 63413507  |c 20090922  |g RCR 
942 |c BK